Name the Neckties A-Z - Statistics

General Stats
  • This quiz has been taken 6 times
  • The average score is 21 of 26
Answer Stats
Picture Hint Answer % Correct
A Alligator
100%
B Bear
100%
C Cross
100%
D Drum
100%
E Emoji
100%
F Flag
100%
G Golf ball
100%
H Helicopter
100%
I Ice Cream Cone
100%
J Jaguar
100%
K Keyboard
100%
N Number
80%
P Pistol
80%
Q Queen
80%
R Rose
80%
T Tennis ball
80%
U Unicorn
80%
V Virus
80%
W Wrench
80%
X Xylophone
80%
Y Yeti
80%
Z Zebra
80%
O Ogre
60%
S Stethoscope
60%
M Maracas
40%
L Lily of the Valley
0%
No matching quizzes found
Score Distribution
Percent of People with Each Score
Percentile by Number Answered
Your Score History
You have not taken this quiz